| 000 | 00506nam a2200181Ia 4500 | ||
|---|---|---|---|
| 001 | 7565 | ||
| 003 | IN-NITTTR | ||
| 005 | 20251114233029.0 | ||
| 008 | 251113s9999||||xx |||||||||||||| ||eng|| | ||
| 040 | _beng | ||
| 040 | _cIN-NITTTR | ||
| 041 | _aeng | ||
| 082 | _a371.26 P292E | ||
| 100 | _aPayne, David A. | ||
| 245 | 0 |
_aEducational and psychological measurement : _b contributions to theory and practice. / _cPayne, David A., McMorris, Robert F. |
|
| 700 | _a McMorris, Robert F. | ||
| 942 |
_2ddc _cBK |
||
| 999 |
_c10203 _d10203 |
||